<?xml version="1.0" encoding="UTF-8"?>
<marc:record xmlns:marc="http://www.loc.gov/MARC21/slim">
   <marc:leader>00000nam a2200000 a 4500</marc:leader>
   <marc:datafield ind1="1" ind2=" " tag="100">
      <marc:subfield code="a">Sacks, Oliver</marc:subfield>
      <marc:subfield code="4">aut</marc:subfield>
      <marc:subfield code="e">Verfasser/-in</marc:subfield>
   </marc:datafield>
   <marc:datafield ind1="1" ind2=" " tag="100">
      <marc:subfield code="a">Van Gunsteren, Dirk</marc:subfield>
      <marc:subfield code="4">trl</marc:subfield>
      <marc:subfield code="e">Übersetzer/-in</marc:subfield>
   </marc:datafield>
   <marc:datafield ind1=" " ind2=" " tag="653">
      <marc:subfield code="a">Biologie, Neuro-</marc:subfield>
   </marc:datafield>
   <marc:datafield ind1=" " ind2=" " tag="653">
      <marc:subfield code="a">F00-99: Psychische Störungen &amp; Verhaltensstörungen</marc:subfield>
   </marc:datafield>
   <marc:datafield ind1=" " ind2=" " tag="653">
      <marc:subfield code="a">F30-39: Affektive Störungen</marc:subfield>
   </marc:datafield>
   <marc:datafield ind1="0" ind2="0" tag="245">
      <marc:subfield code="a">Der Mann, der seine Frau mit einem Hut verwechselte</marc:subfield>
   </marc:datafield>
   <marc:datafield ind1="0" ind2="0" tag="245">
      <marc:subfield code="c">Oliver Sacks. Dirk Van Gunsteren</marc:subfield>
   </marc:datafield>
   <marc:datafield ind1=" " ind2="1" tag="264">
      <marc:subfield code="a">Reinbek bei Hamburg</marc:subfield>
      <marc:subfield code="b">Rowohlt-Taschenbuch-Verl.</marc:subfield>
      <marc:subfield code="c">1998</marc:subfield>
   </marc:datafield>
   <marc:datafield ind1="1" ind2=" " tag="490">
      <marc:subfield code="a">rororo Sachbuch</marc:subfield>
   </marc:datafield>
   <marc:datafield ind1=" " ind2=" " tag="250">
      <marc:subfield code="a">296. - 310. Tsd.</marc:subfield>
   </marc:datafield>
   <marc:datafield ind1="1" ind2=" " tag="520">
      <marc:subfield code="a">Über das Werk von Oliver Sacks schreibt Doris Lessing: Es macht uns bewußt, daß wir auf Messers Schneide leben. Die Realität ist verrückter als jede Fiktion. Eine winzige Hirnverletzung, ein kleiner Tumult in der zerebralen Chemie - und wir geraten in eine andere Welt. Hat sie weniger Existenzberechtigung, ist sie weniger wirklich als der Boden, auf dem wir mit beiden Beinen fest zu stehen meinen?&lt;br/&gt;Der in New York praktizierende Neuropsychologe Oliver Sacks erzählt zwanzig Geschichten von Menschen, die die Balance auf Messers Schneide verloren haben und in unvorstellbare Abgründe gefallen sind. &lt;br/&gt;Dr.P., ein renommierter Musikwissenschaftler und Sänger, kann mit zunehmendem Alter selbst vertraute Gesichter und Gegenstände nicht mehr beim Namen nennen. Eine Rose im Knopfloch des Autors identifiziert er als rotes, gefaltetes Gebilde mit einem geraden grünen Anhängsel. Als er sich von Sacks verabschieden will, greift er nach dem Kopf seiner Frau und versucht, ihn sich aufzusetzen. Jimmie G. erzählt lebhaft und detailliert von seinem Leben vor 1945, doch was danach kam, ist ihm entfallen. Es ist, als ob eine Schere in seinem Kopf den Erlebnisfaden im Minutentakt abschneidet. Stephen D. träumt eines Nachts, er sei ein Hund, und erwacht mit einem übersteigerten Geruchssinn.&lt;br/&gt;Das Lieblingswort der Neurologen ist 'Ausfall', schreibt der Autor. Sie seien darauf gedrillt, Hirnerkrankungen als Defizite zu behandeln. In den theoretischen, die Fallgeschichten reflektierenden Passagen des Buches setzt Sacks diesem Verständnis eine neue Neurologie entgegen. Sie macht die individuelle Lebensgeschichte des Patienten zur unabdingbaren Voraussetzung von Diagnose und Therapie und wendet sich nicht den Mängeln, sondern den Überschüssen und Übersteigungen zu, den besonderen Fähigkeiten also, die viele Psychiatrie Patienten entwickeln.&lt;br/&gt;Oliver Sacks erzählt mit Menschlichkeit und Wärme und einer Genauigkeit in der Beschreibung, die uns zum Spiegel wird, in dem wir die Fragwürdigkeit unserer Normalität erblicken.&lt;br/&gt;</marc:subfield>
   </marc:datafield>
   <marc:datafield ind1=" " ind2=" " tag="020">
      <marc:subfield code="a">9783499187803</marc:subfield>
      <marc:subfield code="9">9783499187803</marc:subfield>
   </marc:datafield>
   <marc:datafield ind1=" " ind2=" " tag="041">
      <marc:subfield code="a">ger</marc:subfield>
   </marc:datafield>
   <marc:datafield ind1=" " ind2=" " tag="300">
      <marc:subfield code="b">Illustration(en)</marc:subfield>
   </marc:datafield>
   <marc:datafield ind1="1" ind2=" " tag="521">
      <marc:subfield code="a">16</marc:subfield>
   </marc:datafield>
   <marc:datafield ind1=" " ind2=" " tag="300">
      <marc:subfield code="a">319 Seiten</marc:subfield>
   </marc:datafield>
</marc:record>
